00285nam a2200133Ia 45000030006000000080041000060400015000471000021000622450012000832600019000953000006001145460014001200050017001340STCL150530s9999 xx 000 0 und d aSTCLcSTCL aRadhakrishan, C. aPreyasi c1985aKottayam a0 aMalayalam20220125171543.0